000 00368nam a2200145Ia 4500
008 230917s9999||||xx |||||||||||||| ||und||
040 _e244252
_aMAIN
041 _aEnglish
082 _a784.4 S73H
100 _aSarita
245 0 _aHindi chitrapat sangeet mein lokgeeton ka prayog: Ek vivechnatmak addhyayan
260 _c2017
300 _a298 p.
942 _cTH
999 _c127513
_d127513